00879 2200277 4500001002100000005001500021035002500036008004100061020001800102041000800120082001000128090001000138100002200148245015100170250001900321260004800340300004600388650004100434084001600475990000900491990002300500990002300523990002300546990000900569990002300578INLIS00000000000443220240821111858 a0010-051300000004432240821 0 ind  a979-686-943-8 aind a155.4 a155.4 aThomas, Armstrong1 aSetiap Anak Cerdas! (Panduan Membantu Anak Belajar dengan Memanfaatkan Multiple Intelligence-nya)/ penerjemah, Rina, Buntaran /cThomas, Armstrong aCetakan Ketiga aYogyakarta :bGramedia Pustaka Utama,c2005 a320 Halaman :bIlustrasi ;c20 cm x 14 cm 4aPsikologi Deferensial & Perkembangan a155.4 THO s a6305 a6364/pusdacil/2014 a6279/pusdacil/2014 a6279/pusdacil/2014 a6305 a6364/pusdacil/2014